| 000 | 00531nam a2200169 4500 | ||
|---|---|---|---|
| 001 | 145116 | ||
| 003 | ES-MaACL | ||
| 005 | 20230906201151.0 | ||
| 007 | t| | ||
| 008 | 070214s1960 sp r ||||1| spa d | ||
| 100 | 1 |
_aSondern, Frederic. _9107294 |
|
| 245 | 1 | 3 |
_aLa Mafia _b: (hermandad del mal) / _cFrederic Sondern Jr. ; [versión española de Manuel Bosch Barret]. |
| 260 |
_aBarcelona : _bBruguera, _c[1960] |
||
| 300 |
_a277 p. ; _c24 cm. |
||
| 700 | 1 |
_aBosch Barrett, Manuel. _930649 |
|
| 852 |
_aES-MaACL _jC-18268 _bR.46481 |
||
| 999 |
_c145116 _d145116 |
||